000 02118naa a2200469 i 4500
003 EG-GICUC
005 20260121101439.0
008 251207s1925 fr o|||fr|||| 001 0 fre dd
040 _aEG-GiCUC
_bfre
_cEG-GiCUC
_dEG-GiCUC
_eRda
041 _afre
082 0 4 _221
_a341.1
_bRE
092 0 4 _221
099 _aLaw1 11 341.1 RE 1925
245 0 0 _aRecueil des cours.
_n1924, Tome 5.
264 1 _aParis :
_bHachette,
_c1925.
300 _a485 page :
_bPhotographs ;
_c24 cm.
336 _2rda contenu
_a texte
337 _2rda medias
_aOrdinateur
338 _2 transporteur rda
_a Ressource en ligne
490 1 _aAcadémie de droit international ;
_v1924, t.5.
500 _a"1924 IV."
500 _aAt head of title: Académie de droit international.
504 _aIncludes bibliographical references and index.
505 _aContient les cours de l'Académie y compris :
_tles contrôles financiers internationaux /
_rpar André Andréadès --
_tL'entraide financière internationale /
_rpar John Fischer Williams --
_tL'organisation internationale des voies de communication /
_rpar Maurice Bourquin --
_tLes mandats internationaux /
_rpar Giulio Diena --
_tL'extension de la doctrine de Monroe en Amérique du Sud /
_rpar Simon Planas-Suarez --
_tQuestions de droit international concernant les religions /
_rpar Antoine Hobza --
_tDe la nationalité /
_rpar Ernst Isay.
546 _aTexte en français
650 1 4 _aDroit international
_2qrmak
650 1 4 _aDroit financier international
_2qrmak
650 1 4 _aOrganisations internationales
_2qrmak
650 1 4 _aNationalité
_2qrmak
651 1 _2qrmak
700 1 _aAndreadēs, Andreas Michaēl,
_d1876-1935,
_eAuteur
700 1 _aWilliams, John Fischer,
_d1870-1947.
_eAuteur
700 1 _aBourquin, Maurice,
_eAuteur
700 1 _aDiena, Giulio,
_eAuteur
700 1 _aHobza, Antoin,
_eAuteur
700 1 _aIsay, Ernst,
_eAuteur
710 _aACADÉMIE DE DROIT INTERNATIONAL.
830 0 _arecueil des cours ;
_v1924, t.5.
856 4 0 _uhttps://fll.law.cu.edu.eg/fulltext/bks/B11-05185.pdf
905 _a75
_eHassnaa
942 _2ddc
_n0
_cBK
_e21
999 _c48942
_d48942